[Event "Challenge"]
[Site "http://www.queenalice.com/game.php?id=522389"]
[Date "2009.1.14"]
[Round "-"]
[White "bazymew"]
[Black "squarsh"]
[Result "0-1"]
[WhiteElo "1366"]
[BlackElo "1853"]

1. e4 d5 2. exd5 Qxd5 3. Nc3 Qa5 4. d4 c6 5. Bf4 Bf5 6. Bd3 Nf6 7. Qd2 e6 8. Nf3
Nbd7 9. Bxf5 Qxf5 10. O-O-O Nd5 11. Nxd5 cxd5 12. Rhe1 Rc8 13. g3 Be7 14. Ne5
Nf6 15. Qd3 Qxd3 16. Rxd3 O-O 17. Bg5 Rfe8 18. f4 Ne4 19. h4 f6 20. Bxf6 Bxf6
21. g4 Bxh4 22. Rh1 Bf6 23. g5 Bxe5 24. dxe5 Nf2 25. Rhh3 Nxh3 26. Rxh3 Rf8 27.
Rf3 Rc4 28. b3 Rcxf4 29. Rxf4 Rxf4 30. Kd2 Kf7 31. Ke3 Re4+ 32. Kf3 Kg6 33. c4
Kxg5 34. c5 Rd4 35. a4 Rd3+ 36. Ke2 Rh3 37. b4 Kf4 38. b5 Ke4 39. c6 Rh2+ 40.
Kd1 Kd3 41. cxb7 Rh1# 0-1

[Event "Next Game!"]
[Site "http://www.queenalice.com/game.php?id=558797"]
[Date "2009.3.20"]
[Round "-"]
[White "squarsh"]
[Black "bazymew"]
[Result "1-0"]
[WhiteElo "1864"]
[BlackElo "1366"]

1. e4 Nc6 2. Bc4 Nf6 3. Nc3 e6 4. d4 d5 5. exd5 exd5 6. Bb3 Bb4 7. Nf3 Bg4 8.
Bf4 Qe7+ 9. Be3 Ne4 10. Qd3 Bxc3+ 11. bxc3 Rd8 12. O-O Rd6 13. Bf4 Rg6 14. Bxd5
Nf6 15. Rfe1 Be6 16. Bxe6 fxe6 17. Ng5 Nh5 18. Be3 O-O 19. Qb5 Nf4 20. Bxf4 Rxf4
21. Qxb7 Qxg5 22. Qxc6 Rff6 23. Rab1 h5 24. Kh1 h4 25. Rb5 Qf4 26. f3 Qd2 27.
Rg1 h3 28. Qe8+ Kh7 29. Rh5+ Rh6 30. gxh3 Rxh5 31. Qxh5+ Rh6 32. Qf7 Rxh3 33.
Qxg7# 1-0

[Event "Capivara"]
[Site "http://www.queenalice.com/game.php?id=569096"]
[Date "2009.4.9"]
[Round "-"]
[White "Elienay"]
[Black "bazymew"]
[Result "0-1"]
[WhiteElo "1208"]
[BlackElo "1382"]

1. e4 Nc6 2. Nc3 Nf6 3. a4 d5 4. Nxd5 Nxd5 5. exd5 Qxd5 6. Ra3 e5 7. Rb3 Be6 8.
Rxb7 Bc5 9. Rxc7 O-O 10. Qf3 Qxf3 11. gxf3 Bf5 12. Rxc6 Rac8 13. Ra6 Rfe8 14. c3
e4 15. Rxa7 Bxa7 16. d4 exd3+ 17. Kd1 Rcd8 18. h4 d2 19. Bxd2 Bxf2 20. Ne2 Rd3
21. Nf4 Rxf3 22. b4 Be3 23. b5 Bxf4 24. Bg2 Rf2 25. b6 Bxd2 26. b7 Rxg2 27. a5
Bxc3 28. Kc1 Bxa5 29. h5 Rb8 30. Rd1 Rc2+ 31. Kb1 Rxb7+ 32. Ka1 Bc3# 0-1

[Event "A chess Game"]
[Site "http://www.queenalice.com/game.php?id=569584"]
[Date "2009.4.9"]
[Round "-"]
[White "sh_sla"]
[Black "bazymew"]
[Result "1-0"]
[WhiteElo "1884"]
[BlackElo "1366"]

1. d4 Nf6 2. Nc3 Nc6 3. d5 Ne5 4. e4 e6 5. Bg5 exd5 6. exd5 Bb4 7. Qd4 Bxc3+ 8.
Qxc3 d6 9. O-O-O Bf5 10. Re1 O-O 11. f4 Neg4 12. Nh3 Qd7 13. Bd3 Bxd3 14. Qxd3
Qa4 15. a3 Rac8 16. Bxf6 Nxf6 17. Re3 c6 18. dxc6 Rxc6 19. Rhe1 Rfc8 20. R1e2 b5
21. g4 h6 22. g5 hxg5 23. fxg5 b4 24. gxf6 bxa3 25. Re8+ Rxe8 26. Rxe8# 1-0

[Event "Challenge"]
[Site "http://www.queenalice.com/game.php?id=569586"]
[Date "2009.4.9"]
[Round "-"]
[White "bazymew"]
[Black "Evjen"]
[Result "0-1"]
[WhiteElo "1388"]
[BlackElo "1358"]

1. e4 Nc6 2. d4 e5 3. Nf3 Nxd4 4. Nxd4 exd4 5. Qxd4 Qf6 6. Qxf6 Nxf6 7. e5 Nd5
8. Bc4 Nb4 9. Bd3 d5 10. Be3 Nxd3+ 11. cxd3 Bf5 12. Nc3 O-O-O 13. Bxa7 Bxd3 14.
O-O-O Be4 15. Nxe4 dxe4 16. Rhe1 Rxd1+ 17. Rxd1 g6 18. Re1 f5 19. exf6 b6 20.
Rxe4 Bh6+ 21. f4 Kb7 22. Ra4 Ra8 23. g4 Rxa7 24. Ra3 Bxf4+ 25. Kc2 Bd6 26. f7
Bxa3 27. bxa3 Ra8 28. Kc3 Rf8 29. Kc4 Rxf7 30. a4 Rf4+ 31. Kb5 Rxg4 32. a3 Rh4
33. a5 bxa5 34. Kxa5 c5 35. Kb5 c4 36. a4 c3 37. a5 c2 38. a6+ Ka7 39. Ka5 Rxh2
40. Kb5 c1=Q 41. Ka5 Rb2 42. Ka4 Qa1# 0-1

[Event "Challenge"]
[Site "http://www.queenalice.com/game.php?id=573051"]
[Date "2009.4.16"]
[Round "-"]
[White "squarsh"]
[Black "bazymew"]
[Result "1-0"]
[WhiteElo "1848"]
[BlackElo "1392"]

1. e4 Nc6 2. Bc4 Nf6 3. Nc3 e6 4. d4 d5 5. exd5 exd5 6. Bb3 Bb4 7. Nf3 Bg4 8.
Bf4 Qe7+ 9. Be3 Ne4 10. Qd3 O-O 11. O-O-O Bxc3 12. bxc3 Qa3+ 13. Kb1 Rfd8 14. h3
a5 15. Bc1 Nxf2 16. Bxa3 Nxd3 17. cxd3 a4 18. Bc2 Bxf3 19. gxf3 b5 20. Ka1 Rdb8
21. Rb1 Ra6 22. Rhe1 Rab6 23. Bc5 Ra6 24. Bd1 g6 25. f4 b4 26. cxb4 Nxb4 27.
Rxb4 Rxb4 28. Bxb4 a3 29. Be7 Re6 30. Rxe6 fxe6 31. Ba4 Kf7 32. Bd8 h5 33. Bxc7
Kf6 34. Kb1 Kf5 35. Kc2 g5 36. fxg5 Kxg5 37. Bd7 Kf6 38. Kc3 Kg5 39. Kb4 Kh4 40.
Bxe6 Kg5 41. Kc5 h4 42. Kxd5 Kf6 43. Bd8+ Kg6 44. Ke5 Kg7 45. d5 Kf8 46. Bf6 Ke8
47. d6 Kf8 48. Bc4 Ke8 49. Ke6 Kf8 50. d7 Kg8 51. Kf5+ Kh7 52. d8=Q 1-0

[Event "Let's Play Chess!"]
[Site "http://www.queenalice.com/game.php?id=579486"]
[Date "2009.4.28"]
[Round "-"]
[White "elche"]
[Black "bazymew"]
[Result "0-1"]
[WhiteElo "1718"]
[BlackElo "1347"]

1. e4 Nc6 2. Nf3 e5 3. Bc4 Nf6 4. Bd5 Nxd5 5. exd5 Nd4 6. Nxd4 exd4 7. O-O d6 8.
Re1+ Be7 9. Qe2 O-O 10. Qxe7 Qxe7 11. Rxe7 Bf5 12. Rxc7 Rae8 13. Kf1 d3 14. Rxb7
dxc2 15. Nc3 Bd3+ 16. Ne2 Bxe2+ 17. Kg1 Ba6 18. Rxa7 Re1# 0-1

[Event "Challenge"]
[Site "http://www.queenalice.com/game.php?id=606653"]
[Date "2009.6.21"]
[Round "-"]
[White "flaviovieira"]
[Black "bazymew"]
[Result "1-0"]
[WhiteElo "1742"]
[BlackElo "1369"]

1. e4 Nc6 2. d4 d5 3. e5 e6 4. Bb5 Bd7 5. Nf3 Nxd4 6. Bxd7+ Qxd7 7. Qxd4 O-O-O
8. Qxa7 Qb5 9. a4 Qb6 10. Qxb6 cxb6 11. Be3 f6 12. Bxb6 Rd7 13. a5 fxe5 14. Nxe5
Bb4+ 15. c3 Bd6 16. Nxd7 Kxd7 17. O-O Nf6 18. Nd2 Ne4 19. Nxe4 dxe4 20. Rfd1 Rf8
21. c4 Kc6 22. Rd4 e5 23. Rxe4 g5 24. Rc1 Rf4 25. Rxf4 exf4 26. c5 Bc7 27. Bxc7
Kxc7 28. b4 Kc6 29. h3 Kb5 30. Rb1 h5 31. f3 h4 32. Kf2 Ka4 33. Ke2 Kb5 34. Kd3
Ka4 35. Ke4 Kb5 36. Kf5 1-0

[Event "Challenge"]
[Site "http://www.queenalice.com/game.php?id=608027"]
[Date "2009.6.23"]
[Round "-"]
[White "bazymew"]
[Black "squarsh"]
[Result "0-1"]
[WhiteElo "1392"]
[BlackElo "1797"]

1. e4 d5 2. exd5 Qxd5 3. Nc3 Qa5 4. Bb5+ c6 5. Bxc6+ Nxc6 6. Qf3 Bf5 7. d4 Nxd4
8. Qe3 Nxc2+ 9. Kd1 Nxe3+ 10. Bxe3 Nf6 11. Nf3 O-O-O+ 12. Bd4 e5 13. Nxe5 Rxd4+
14. Ke2 Qxe5+ 15. Kf1 Bc5 16. Re1 Bd3+ 17. Ne2 Bxe2+ 18. Rxe2 Rd1+ 19. Re1 Qxe1#
0-1

[Event "Another Game!"]
[Site "http://www.queenalice.com/game.php?id=623580"]
[Date "2009.7.23"]
[Round "-"]
[White "squarsh"]
[Black "bazymew"]
[Result "1-0"]
[WhiteElo "1833"]
[BlackElo "1392"]

1. e4 Nc6 2. Bc4 Nf6 3. Nc3 Nd4 4. d3 e6 5. Nf3 Nxf3+ 6. Qxf3 Bb4 7. O-O Bxc3 8.
bxc3 d5 9. exd5 exd5 10. Bb3 d4 11. cxd4 Qxd4 12. Re1+ Be6 13. Qxb7 O-O 14. Be3
Qg4 15. Qxc7 Rac8 16. Qxa7 Qg6 17. Bd4 Bh3 18. Qb7 Rcd8 19. Bxf6 gxf6 20. Re3
Bc8 21. Qb6 Rde8 22. Rg3 Bg4 23. Qd4 f5 24. f3 Qh5 25. fxg4 fxg4 26. Rxg4+ Qxg4
27. Qxg4+ Kh8 28. Rf1 Rg8 29. Qd4+ Rg7 30. Rxf7 Rg8 31. Rxg7 Rxg7 32. Qd8+ Rg8
33. Qxg8# 1-0

[Event "Challenge"]
[Site "http://www.queenalice.com/game.php?id=647469"]
[Date "2009.9.5"]
[Round "-"]
[White "bazymew"]
[Black "squarsh"]
[Result "0-1"]
[WhiteElo "1371"]
[BlackElo "1835"]

1. e4 d5 2. exd5 Qxd5 3. c4 Qa5 4. Nf3 Bf5 5. Nc3 Nf6 6. d3 c6 7. Bg5 Nbd7 8.
Qe2 O-O-O 9. Qe3 e6 10. a3 Bb4 11. Qc1 Bd6 12. b4 Qc7 13. Qe3 Kb8 14. b5 Bc5 15.
d4 Bb6 16. Bd3 Bxd3 17. Qxd3 Ka8 18. O-O Nc5 19. dxc5 Rxd3 20. cxb6 Qxb6 21. Na4
Qa5 22. Nc5 Rxa3 23. Bxf6 gxf6 24. Nb3 Qb4 25. Nfd2 Rxb3 26. Nxb3 Qxb3 27. bxc6
bxc6 28. Rab1 Qxc4 29. Rfc1 Qe4 30. g3 h5 31. h4 Rg8 32. Kh2 Qe2 33. Kg2 f5 34.
Rb4 e5 35. Kh3 Qxf2 36. Rc3 f4 37. gxf4 Qg2# 0-1

[Event "Challenge"]
[Site "http://www.queenalice.com/game.php?id=649377"]
[Date "2009.9.8"]
[Round "-"]
[White "bazymew"]
[Black "thomas01"]
[Result "1-0"]
[WhiteElo "1367"]
[BlackElo "1684"]

1. e4 e5 2. Nf3 Nc6 3. Bb5 a6 4. Bxc6 dxc6 5. d4 Nf6 6. Nxe5 Bd6 7. Bg5 O-O 8.
Nc3 h6 9. Bxh6 gxh6 10. Qf3 Kh8 11. Qf4 c5 12. Qxh6+ Nh7 13. Nf3 Rg8 14. O-O-O
Rg6 15. Qh5 Bg4 16. Qd5 Qg5+ 17. Nxg5 Rxg5 18. Qxf7 Rf8 19. Qb3 Rxf2 20. Rd2 Bf4
21. Nb1 Nf6 22. Qxb7 Rxg2 23. Qb8+ Kg7 24. dxc5 Nxe4 25. Qb4 Bf3 26. Rf1 Rg1 27.
Qd4+ Kh6 28. Rxg1 Rxg1+ 29. Qxg1 Nxd2 30. Nxd2 Bxd2+ 31. Kxd2 Kh5 32. Qf2 Be4
33. h4 Kg4 34. Qf6 Kh3 35. h5 Kg4 36. h6 Kh5 37. h7 Bxh7 38. Qf7+ Bg6 39. Qxc7
Kg4 40. Qa7 Kf3 41. c6 a5 42. Qxa5 Ke4 43. c7 Bf5 44. b4 Kd4 45. Qxf5 Kc4 46. b5
Kb4 47. b6 1-0

[Event "Let's Play Chess!"]
[Site "http://www.queenalice.com/game.php?id=652587"]
[Date "2009.9.15"]
[Round "-"]
[White "yclaudiu35"]
[Black "bazymew"]
[Result "1-0"]
[WhiteElo "1871"]
[BlackElo "1390"]

1. e4 Nc6 2. d4 d5 3. exd5 Qxd5 4. Be3 e5 5. c4 Qe4 6. Nc3 Qf5 7. Bd3 Qg4 8.
Qxg4 Bxg4 9. d5 Nb4 10. Bb1 O-O-O 11. a3 Na6 12. Nb5 1-0

[Event "NewChallenge"]
[Site "http://www.queenalice.com/game.php?id=670129"]
[Date "2009.10.20"]
[Round "-"]
[White "Evjen"]
[Black "bazymew"]
[Result "0-1"]
[WhiteElo "1369"]
[BlackElo "1394"]

1. e4 Nc6 2. Nc3 Nf6 3. Nf3 d5 4. Nxd5 Nxd5 5. exd5 Qxd5 6. d4 Bg4 7. Be2 O-O-O
8. Bg5 Bxf3 9. Bxf3 Qxg5 10. d5 Ne5 11. Qd4 Nxf3+ 12. gxf3 Qxd5 13. Qxa7 Qd2+
14. Kf1 Qxc2 15. Qa8+ Kd7 16. Qxb7 Ke8 17. Kg2 e6 18. Rhc1 Qe2 19. Qxc7 Bd6 20.
Re1 Qxb2 21. Qc6+ Ke7 22. Rad1 Qxa2 23. Rxd6 Rxd6 24. Qc7+ Rd7 25. Qc5+ Rd6 26.
Rd1 Rd8 27. Rxd6 Rxd6 28. Qc7+ Rd7 29. Qc5+ Kf6 30. Qc3+ e5 31. Qc6+ Qe6 32. Qe4
Rd4 33. Qxh7 Rd3 34. Qh4+ g5 35. Qe4 Qf5 36. Qxf5+ Kxf5 37. Kg3 e4 38. h4 Rxf3+
39. Kg2 gxh4 40. Kf1 h3 41. Kg1 Kg4 42. Kf1 h2 43. Kg2 Rxf2+ 44. Kh1 Rf5 45.
Kxh2 e3 46. Kg2 e2 47. Kg1 e1=Q+ 48. Kg2 Qe2+ 49. Kg1 Rf1# 0-1

[Event "Another?"]
[Site "http://www.queenalice.com/game.php?id=673274"]
[Date "2009.10.27"]
[Round "-"]
[White "squarsh"]
[Black "bazymew"]
[Result "1-0"]
[WhiteElo "1833"]
[BlackElo "1396"]

1. e4 Nc6 2. Bc4 Nf6 3. Nc3 e5 4. f4 Bb4 5. d3 O-O 6. Nf3 d6 7. Be3 Bg4 8. Qd2
Qd7 9. O-O-O Rad8 10. h3 Bxf3 11. gxf3 Nd4 12. Qf2 c5 13. f5 Bxc3 14. bxc3 b5
15. Bb3 Nxb3+ 16. cxb3 a5 17. Rdg1 Nh5 18. Qh4 g6 19. Qxh5 Kh8 20. fxg6 fxg6 21.
Rxg6 Rg8 22. Rhg1 Rxg6 23. Rxg6 Qf7 24. Rh6 Kg8 25. Qg5+ Kh8 26. Qxd8+ Kg7 27.
Bg5 Qf8 28. Qf6+ Qxf6 29. Rxf6 h6 30. Rxh6 a4 31. h4 Kf7 32. h5 Ke8 33. Rh7 1-0

[Event "Challenge"]
[Site "http://www.queenalice.com/game.php?id=687901"]
[Date "2009.11.24"]
[Round "-"]
[White "bazymew"]
[Black "FENIX_RJ"]
[Result "1-0"]
[WhiteElo "1409"]
[BlackElo "1487"]

1. e4 e5 2. Nc3 Nf6 3. Nf3 Nc6 4. Bb5 a6 5. Bxc6 dxc6 6. Nxe5 Be6 7. d4 c5 8.
dxc5 Bxc5 9. Be3 b6 10. Qxd8+ Rxd8 11. O-O O-O 12. Na4 Nxe4 13. b3 Rd5 14. Nf3
Bd6 15. c4 Rh5 16. Rad1 Bg4 17. Rd4 Bxf3 18. gxf3 c5 19. Rxe4 Bxh2+ 20. Kg2 f5
21. Re5 Bxe5 22. Rh1 g6 23. f4 Bc7 24. Nc3 b5 25. cxb5 g5 26. Rxh5 gxf4 27. Bxc5
Rf7 28. Nd5 Rg7+ 29. Kf3 axb5 30. Rxf5 Rf7 31. Rxf7 Kxf7 32. Nxc7 h5 33. Kxf4
Kg6 34. Kg3 Kg5 35. Nxb5 h4+ 36. Kh2 Kg4 37. a4 Kf4 38. a5 Ke5 39. a6 Kd5 40.
Be3 Kc6 41. a7 Kxb5 42. a8=Q Kb4 43. Qb8+ Kc3 44. b4 1-0

[Event "New Challenge"]
[Site "http://www.queenalice.com/game.php?id=767732"]
[Date "2010.4.28"]
[Round "-"]
[White "Evjen"]
[Black "bazymew"]
[Result "0-1"]
[WhiteElo "1391"]
[BlackElo "1428"]

1. e4 Nc6 2. Nf3 d5 3. exd5 Qxd5 4. d4 Nf6 5. Nc3 Qe6+ 6. Ne5 Nxe5 7. dxe5 Qxe5+
8. Be3 Bg4 9. Bb5+ c6 10. Ba4 e6 11. Qd4 Qxd4 12. Bxd4 O-O-O 13. Bxa7 Bb4 14.
O-O Bxc3 15. bxc3 Rd5 16. c4 Ra5 17. Rab1 Rxa4 18. Be3 Rxa2 19. Ra1 Rxa1 20.
Rxa1 Rd8 21. Bb6 Rd2 22. f3 Bf5 23. Be3 Rxc2 24. Ra8+ Kc7 25. g4 Re2 26. Bf4+ e5
27. Bg3 Bd3 28. f4 exf4 29. Bxf4+ Kd7 30. Rb8 Bxc4 31. Rxb7+ Ke6 32. h3 Re4 33.
Bd2 Rd4 34. Bb4 Ba6 35. Rb6 Rd1+ 36. Kg2 Bf1+ 37. Kg3 Ne4+ 38. Kh4 Kd5 39. Rb7
Nd6 40. Rd7 c5 41. Bc3 Bxh3 42. Kxh3 Rd3+ 43. Kh4 Rxc3 44. Rd8 Rf3 45. Rg8 g6
46. Rg7 h5 47. gxh5 gxh5 48. Kxh5 Rf5+ 49. Kh6 Rf1 50. Kg5 f6+ 51. Kg4 f5+ 52.
Kg5 f4 53. Kg4 f3 54. Kg3 Nf5+ 55. Kg4 Nxg7 56. Kg3 c4 57. Kf4 c3 58. Ke3 c2 59.
Kd2 c1=Q+ 60. Kd3 Rd1# 0-1

[Event "Challenge"]
[Site "http://www.queenalice.com/game.php?id=898734"]
[Date "2011.2.11"]
[Round "-"]
[White "blackwolf"]
[Black "bazymew"]
[Result "1-0"]
[WhiteElo "1845"]
[BlackElo "1441"]

1. d4 Nf6 2. c4 d5 3. Nc3 Nc6 4. Nf3 Bg4 5. c5 e5 6. dxe5 Ne4 7. Bf4 Bxc5 8. e3
Bxf3 9. Qxf3 Bb4 10. Rc1 Qe7 11. Bb5 Qc5 12. Qe2 Bxc3+ 13. Rxc3 Nxc3 14. bxc3
Qxc3+ 15. Qd2 Qxd2+ 16. Kxd2 O-O-O 17. Bxc6 bxc6 18. Kc3 c5 19. Rd1 Rhe8 20. h4
f6 21. Kc2 fxe5 22. Bg5 Rd6 23. h5 d4 24. exd4 Rxd4 25. Rxd4 1-0

[Event "Challenge"]
[Site "http://www.queenalice.com/game.php?id=898735"]
[Date "2011.2.11"]
[Round "-"]
[White "bazymew"]
[Black "blackwolf"]
[Result "0-1"]
[WhiteElo "1443"]
[BlackElo "1863"]

1. e4 c5 2. Nf3 d6 3. d4 b6 4. Bb5+ Bd7 5. Nc3 g6 6. Bxd7+ Nxd7 7. dxc5 Nxc5 8.
Qd5 Bg7 9. Ng5 e6 10. Qc6+ Ke7 11. e5 Bxe5 12. Be3 Rc8 13. Qf3 Qf8 14. O-O Nf6
15. Bxc5 Rxc5 16. Qb7+ Nd7 17. Qxa7 Qh6 18. Nge4 Qxh2# 0-1

[Event "Another Challenge"]
[Site "http://www.queenalice.com/game.php?id=901295"]
[Date "2011.2.16"]
[Round "-"]
[White "bazymew"]
[Black "Evjen"]
[Result "1-0"]
[WhiteElo "1439"]
[BlackElo "1338"]

1. e4 d5 2. exd5 Qxd5 3. Nc3 Qe5+ 4. Qe2 Nc6 5. Nf3 Bg4 6. Qxe5 Nxe5 7. Nxe5 Nf6
8. Bb5+ Nd7 9. Nxg4 O-O-O 10. Bxd7+ Rxd7 11. d4 Rxd4 12. O-O Rxg4 13. Be3 e5 14.
Rfe1 Bd6 15. f3 Rh4 16. Bxa7 e4 17. Rxe4 Bxh2+ 18. Kf2 Rd8 19. Rxh4 Rd2+ 20. Ke3
Rxg2 21. Rh1 Bg3 22. Rxh7 Rxc2 23. Na4 b5 24. Rxg7 bxa4 25. Rxg3 Rxb2 26. Rg8+
Kb7 27. Bd4 Rxa2 28. Rb1+ Kc6 29. Rc1+ Kd5 30. Rc5+ Kd6 31. Rd8+ Ke6 32. Re5+
Kf6 33. Rc5+ Ke7 34. Rdd5 Rb2 35. Rxc7+ Ke6 36. Re5+ Kd6 37. Rec5 f5 38. Be5+
Ke6 39. Bxb2 Kd6 40. Rc8 Kd7 41. Rf8 Ke6 42. Rfxf5 Kd6 43. Rfd5+ Ke6 44. Ke4 Ke7
45. Rc7+ Ke6 46. Rc6+ Ke7 47. Rcd6 Kf7 48. Re5 Kg7 49. Re7+ Kf8 50. Bf6 Kg8 51.
Rd8# 1-0

[Event "Post QA Outage Rematch"]
[Site "http://www.queenalice.com/game.php?id=1020915"]
[Date "2012.1.30"]
[Round "-"]
[White "Evjen"]
[Black "bazymew"]
[Result "0-1"]
[WhiteElo "1326"]
[BlackElo "1449"]

1. e4 b6 2. e5 Bb7 3. d4 d5 4. Nc3 Nc6 5. Qf3 Nxd4 6. Qf4 Nxc2+ 7. Ke2 d4 8. Rb1
dxc3 9. Qa4+ Qd7 10. Qxc2 Qd4 11. Qxc3 Qe4+ 12. Be3 Qxb1 13. Qxc7 Ba6+ 14. Kf3
Qf5+ 15. Bf4 Rc8 16. Bb5+ Bxb5 17. Qxa7 Qd3+ 18. Be3 Bc6+ 19. Kg3 Qg6+ 20. Kh4
Qe4+ 21. g4 Qxh1 22. Bxb6 Qxh2+ 23. Nh3 Qxe5 24. b4 Qf6+ 25. g5 Qe5 26. Qa6 Qe4+
27. f4 Qe1+ 28. Bf2 Qe6 29. b5 Bd5 30. b6 Bg2 31. Qa7 Qxh3# 0-1

[Event "Challenge"]
[Site "http://www.queenalice.com/game.php?id=1034968"]
[Date "2012.3.2"]
[Round "-"]
[White "bazymew"]
[Black "Viceroy"]
[Result "0-1"]
[WhiteElo "1451"]
[BlackElo "1830"]

1. b3 e5 2. Bb2 Nc6 3. e4 Nf6 4. Qf3 d5 5. exd5 Nxd5 6. Bb5 Qd6 7. d4 exd4 8.
Ne2 Bd7 9. Bxc6 Bxc6 10. Bxd4 Nf6 11. Qe3+ Be7 12. Nbc3 O-O 13. O-O-O Qa3+ 14.
Kb1 a5 15. Rhe1 a4 16. Nc1 axb3 17. Nxb3 Bb4 18. Bc5 Rfe8 19. Qf4 Bxc5 20. Qxc7
Bb4 21. Nd4 Bxc3 22. Re3 Qb2# 0-1

[Event "New Challenge"]
[Site "http://www.queenalice.com/game.php?id=1120801"]
[Date "2012.11.10"]
[Round "-"]
[White "Evjen"]
[Black "bazymew"]
[Result "0-1"]
[WhiteElo "1341"]
[BlackElo "1460"]

1. e4 b6 2. d4 e6 3. Nf3 Bb7 4. Bg5 Nf6 5. e5 Nd5 6. Bxd8 Kxd8 7. Ng5 Ke8 8. Bb5
Nf4 9. Qh5 Nxh5 10. Nc3 Bb4 11. O-O-O Bxg2 12. Rhg1 Nf4 13. Bf1 Bf3 14. Bb5 Bxc3
15. bxc3 Bxd1 16. Rxd1 a6 17. Bc4 Nc6 18. d5 exd5 19. Bxd5 Nxd5 20. Rxd5 Ke7 21.
c4 Rhe8 22. c5 Nb4 23. Rd2 Nxa2+ 24. Kb2 Nb4 25. Nxh7 Rh8 26. Ng5 Rxh2 27. Ne4
bxc5 28. c3 Nc6 29. Re2 Nxe5 30. Nxc5 d6 31. Nb3 Rb8 32. Re4 Rxf2+ 33. Ka3 Rf3
34. c4 Rbxb3+ 35. Ka4 Ra3+ 36. Kb4 Rfb3# 0-1

[Event "Challenge"]
[Site "http://www.queenalice.com/game.php?id=1197150"]
[Date "2013.7.4"]
[Round "-"]
[White "Cautor"]
[Black "bazymew"]
[Result "0-1"]
[WhiteElo "1505"]
[BlackElo "1471"]

1. e4 g6 2. e5 Bg7 3. d4 d6 4. Nf3 dxe5 5. dxe5 Qxd1+ 6. Kxd1 Bg4 7. Bf4 Nc6 8.
Bb5 O-O-O+ 9. Nd2 Nxe5 10. Ke1 Rd5 11. c4 Nd3+ 12. Kf1 Bxb2 13. cxd5 Bxa1 14.
Ke2 Nxf4+ 15. Ke3 Nxd5+ 16. Ke4 Ngf6+ 17. Kd3 Nf4+ 18. Ke3 N6d5+ 19. Ke4 c6 20.
Rxa1 cxb5 21. g3 Bxf3+ 22. Nxf3 f5+ 23. Ke5 Nd3+ 24. Kxd5 Rd8+ 25. Ke6 Rd6+ 26.
Kxe7 Kc7 27. Ng5 Rd7+ 28. Kf6 Rd6+ 29. Ne6+ Kd7 30. Kg7 Rxe6 31. Rd1 Rd6 32. f4
Nb4 33. Rxd6+ Kxd6 34. Kxh7 Nxa2 35. Kxg6 Ke6 36. h4 Nc3 37. h5 Ne4 38. h6 Nf6
39. h7 Nxh7 40. Kxh7 Kf6 0-1